[Event "McGill op"]
[Site "Montreal CAN"]
[Date "2016.05.01"]
[Round "4.1"]
[White "Hirschberg, Valerian"]
[Black "Robichaud, Louis"]
[Result "1-0"]
[WhiteElo "2317"]
[BlackElo "2024"]
[PlyCount "97"]
[EventDate "2016.04.28"]
[EventType "swiss"]
[EventRounds "5"]
[EventCountry "CAN"]

1. Nf3 Nf6 2. c4 g6 3. g3 Bg7 4. Bg2 O-O 5. d4 d6 6. Nc3 Nbd7 7. O-O e5 8. e4
exd4 9. Nxd4 c6 10. h3 Re8 11. Be3 Nc5 12. Qc2 a5 13. Rad1 Qe7 14. Rfe1 a4 15.
f4 Qc7 16. Bf2 Nfd7 17. Qd2 Qb6 18. Nde2 Bf8 19. Nc1 Qb4 20. Bf1 Nb6 21. a3 Qa5
22. Qc2 Be6 23. Nb1 f5 24. e5 dxe5 25. Rxe5 Nbd7 26. Rxd7 Bxd7 27. b4 axb3 28.
Nxb3 Nxb3 29. Rxa5 Nxa5 30. Bb6 Be6 31. Qc3 Bg7 32. Qb4 c5 33. Bxc5 Nc6 34.
Qxb7 Na5 35. Qg2 Nb3 36. Bb4 Rad8 37. Qa2 Nd4 38. Nd2 Bf7 39. Kf2 Nb5 40. Qc2
Nd4 41. Qb1 Rb8 42. Nf3 Nc6 43. Ng5 Bc3 44. Nxf7 Kxf7 45. Qb3 Bd4+ 46. Kg2 Re3
47. Qa4 Rc8 48. Qa6 Na7 49. c5 1-0

[Event "McGill op"]
[Site "Montreal CAN"]
[Date "2016.05.01"]
[Round "4.4"]
[White "MacKinnon, Keith"]
[Black "Leveille, Francois"]
[Result "1/2-1/2"]
[WhiteElo "2194"]
[BlackElo "2287"]
[PlyCount "39"]
[EventDate "2016.04.28"]
[EventType "swiss"]
[EventRounds "5"]
[EventCountry "CAN"]

1. e4 g6 2. d4 Bg7 3. Nc3 d6 4. f4 Nf6 5. Bd3 O-O 6. Nf3 Na6 7. O-O c5 8. d5
Rb8 9. a4 Nb4 10. Bc4 e6 11. dxe6 Bxe6 12. Bxe6 fxe6 13. Qe2 Qd7 14. Nb5 a6 15.
Nxd6 Qxd6 16. e5 Qc6 17. exf6 Bxf6 18. c3 Nd5 19. Ne5 Bxe5 20. Qxe5 1/2-1/2

[Event "McGill op"]
[Site "Montreal CAN"]
[Date "2016.05.01"]
[Round "4.5"]
[White "Langlois-Remillard, Alexis"]
[Black "Zhu, Hong Rui"]
[Result "1-0"]
[WhiteElo "1763"]
[BlackElo "2273"]
[Annotator ",Microsoft"]
[PlyCount "115"]
[EventDate "2016.04.28"]
[EventType "swiss"]
[EventRounds "5"]
[EventCountry "CAN"]

1. b3 c5 2. Bb2 Nc6 3. e3 d5 4. Bb5 Bd7 5. Nf3 e6 6. O-O Nf6 7. d3 a6 8. Bxc6
Bxc6 9. Ne5 Rc8 10. Nd2 Bd6 11. f4 O-O 12. a4 b6 13. Nxc6 Rxc6 14. g4 Nd7 15.
g5 Qc7 16. Qh5 d4 17. Rf3 Re8 18. Rh3 Nf8 19. Ne4 Be7 20. Rf1 Rd8 21. f5 exf5
22. Ng3 Rg6 23. Rxf5 dxe3 24. Bc1 b5 25. axb5 axb5 26. Bxe3 c4 27. bxc4 bxc4
28. d4 Qb7 29. Qe2 Re6 30. Qxc4 Rc8 31. Qd3 Qb1+ 32. Rf1 Qxc2 33. Qxc2 Rxc2 34.
Nf5 Rc3 35. d5 Re4 36. Nxe7+ Rxe7 37. Rff3 Rd7 38. Rf5 Rd3 39. Rhf3 Ng6 40. Bf2
R3xd5 41. Rxd5 Rxd5 42. h4 Rd8 43. Rb3 Ne5 44. Bg3 Nc6 45. Rb6 Nd4 46. Bf2 Nf5
47. Rb5 g6 48. h5 Nd6 49. Rd5 Nb7 50. Rxd8+ Nxd8 51. hxg6 fxg6 52. Kg2 Kf7 53.
Kg3 Ke6 54. Kg4 Ke5 55. Be1 Ke4 56. Bc3 Nf7 57. Bd2 Ne5+ 58. Kg3 {Time/temps}
1-0

[Event "McGill op"]
[Site "Montreal CAN"]
[Date "2016.05.01"]
[Round "4.7"]
[White "Masse, Hugues"]
[Black "Johnson-Constantin, Matthieu"]
[Result "1-0"]
[WhiteElo "2212"]
[BlackElo "1813"]
[PlyCount "65"]
[EventDate "2016.04.28"]
[EventType "swiss"]
[EventRounds "5"]
[EventCountry "CAN"]

1. d4 Nf6 2. c4 g6 3. g3 c6 4. Bg2 d5 5. Nd2 Bg7 6. Ngf3 O-O 7. O-O Nbd7 8. b3
Ne4 9. Bb2 Ndf6 10. Ne5 Qa5 11. Nxe4 Nxe4 12. Qe1 Qxe1 13. Rfxe1 f6 14. Nd3
dxc4 15. bxc4 Nd6 16. Rac1 Rd8 17. d5 Bd7 18. e4 Rac8 19. c5 Ne8 20. Red1 Nc7
21. Nf4 g5 22. Ne2 f5 23. Bxg7 Kxg7 24. d6 exd6 25. cxd6 Ne8 26. e5 Kf7 27. Nd4
Ng7 28. f4 h6 29. Bf1 b5 30. Rc2 gxf4 31. gxf4 Ne6 32. Nxf5 Nxf4 33. Ne7 1-0

[Event "McGill op"]
[Site "Montreal CAN"]
[Date "2016.05.01"]
[Round "4.9"]
[White "Soudre, Nicolas"]
[Black "Wilkin, Alain"]
[Result "0-1"]
[WhiteElo "2101"]
[BlackElo "1889"]
[PlyCount "90"]
[EventDate "2016.04.28"]
[EventType "swiss"]
[EventRounds "5"]
[EventCountry "CAN"]

1. e4 d6 2. Nc3 Nf6 3. Nge2 c5 4. g3 Nc6 5. Bg2 g6 6. O-O Bg7 7. d3 O-O 8. h3
Ne8 9. Be3 Nd4 10. Qd2 Nc7 11. Nd1 Nxe2+ 12. Qxe2 Rb8 13. a4 a6 14. a5 Nb5 15.
c3 b6 16. axb6 Qxb6 17. f4 Qc7 18. f5 Bb7 19. g4 Ra8 20. g5 Rfe8 21. Qg4 e6 22.
f6 Bf8 23. Bf4 e5 24. Bd2 c4 25. Qe2 cxd3 26. Qxd3 d5 27. exd5 e4 28. Bxe4 Bc5+
29. Nf2 Rxe4 30. Qxe4 Qg3+ 31. Qg2 Qd3 32. Bf4 Qf5 33. c4 Nd4 34. Qe4 Qxf4 35.
Qxf4 Ne2+ 36. Kh2 Nxf4 37. Ne4 Bd4 38. Rxf4 Be5 39. Kg3 Rc8 40. Nd2 Re8 41. Kf3
Bxf4 42. Kxf4 Re2 43. Rd1 Rf2+ 44. Ke3 Rf5 45. Ne4 Re5 0-1

[Event "McGill op"]
[Site "Montreal CAN"]
[Date "2016.05.01"]
[Round "4.10"]
[White "Turcotte, Jonathan"]
[Black "Libersan, Thierry"]
[Result "1/2-1/2"]
[WhiteElo "1976"]
[BlackElo "2052"]
[PlyCount "29"]
[EventDate "2016.04.28"]
[EventType "swiss"]
[EventRounds "5"]
[EventCountry "CAN"]

1. d4 d5 2. c4 e6 3. Nf3 c6 4. Nc3 a6 5. e4 dxe4 6. Nxe4 Nf6 7. Nxf6+ Qxf6 8.
Bg5 Bb4+ 9. Bd2 Bxd2+ 10. Qxd2 O-O 11. Bd3 Nd7 12. O-O e5 13. dxe5 Nxe5 14.
Nxe5 Qxe5 15. Rfe1 1/2-1/2

[Event "McGill op"]
[Site "Montreal CAN"]
[Date "2016.05.01"]
[Round "4.11"]
[White "Yao, Houji"]
[Black "Allard, Laurent"]
[Result "1/2-1/2"]
[WhiteElo "1925"]
[BlackElo "2012"]
[PlyCount "79"]
[EventDate "2016.04.28"]
[EventType "swiss"]
[EventRounds "5"]
[EventCountry "CAN"]

1. e4 c5 2. Nf3 d6 3. d4 cxd4 4. Nxd4 Nf6 5. Nc3 g6 6. Be3 Bg7 7. f3 O-O 8. Qd2
Nc6 9. Bc4 Bd7 10. O-O-O Rb8 11. Bb3 Na5 12. h4 b5 13. Bh6 Bxh6 14. Qxh6 e5 15.
Nde2 Nxb3+ 16. axb3 Be6 17. h5 b4 18. Nd5 Bxd5 19. hxg6 fxg6 20. Rxd5 Qc7 21.
Rd3 Rfc8 22. Qd2 Rb6 23. c3 bxc3 24. Rxc3 Qb7 25. Rd1 Rb8 26. Qd3 Qf7 27. Rc2
Nd7 28. Qc4 Nc5 29. Qxf7+ Kxf7 30. b4 Ne6 31. Rc4 R8b7 32. Nc3 Nd4 33. Nd5 Rb5
34. Kd2 a5 35. Kc3 axb4+ 36. Rxb4 Rc5+ 37. Kd3 Rxb4 38. Nxb4 Rb5 39. Kc4 Rc5+
40. Kd3 1/2-1/2

[Event "McGill op"]
[Site "Montreal CAN"]
[Date "2016.05.01"]
[Round "4.13"]
[White "Fan, Run Kun"]
[Black "Pitre, Francois"]
[Result "1-0"]
[WhiteElo "1864"]
[BlackElo "1988"]
[PlyCount "53"]
[EventDate "2016.04.28"]
[EventType "swiss"]
[EventRounds "5"]
[EventCountry "CAN"]

1. c4 e5 2. Nc3 Nc6 3. Nf3 Nf6 4. g3 Bb4 5. Bg2 O-O 6. O-O Bxc3 7. bxc3 Re8 8.
d3 e4 9. Ng5 Ne5 10. f4 exf3 11. Nxf3 Ng6 12. e4 d6 13. Rb1 Rb8 14. Nd4 Bg4 15.
Qc2 Nd7 16. h3 Be6 17. Nxe6 fxe6 18. Be3 b6 19. Qe2 Nf6 20. h4 Ne5 21. Bg5 Ned7
22. Bh3 Qe7 23. Rf2 h6 24. Bd2 e5 25. Bf5 Nh7 26. g4 Qxh4 27. Bxd7 1-0

[Event "McGill op"]
[Site "Montreal CAN"]
[Date "2016.05.01"]
[Round "4.14"]
[White "Gauthier, Denis"]
[Black "Gueorguiev, Valentin"]
[Result "0-1"]
[WhiteElo "1849"]
[BlackElo "1933"]
[PlyCount "106"]
[EventDate "2016.04.28"]
[EventType "swiss"]
[EventRounds "5"]
[EventCountry "CAN"]

1. d4 g6 2. c4 Bg7 3. Nc3 c5 4. d5 d6 5. e4 Qa5 6. Bd2 Qb6 7. Bd3 Na6 8. Nge2
Nf6 9. O-O Bg4 10. f3 Bd7 11. a3 O-O 12. Qc2 Nb4 13. axb4 cxb4+ 14. Kh1 bxc3
15. Bxc3 a6 16. Bd4 Qb4 17. Ra3 Nh5 18. Rb3 Qa5 19. Bxg7 Kxg7 20. Rxb7 Qd8 21.
Qc3+ Kg8 22. c5 dxc5 23. Qxc5 a5 24. Rc1 Rc8 25. Qa7 Rxc1+ 26. Nxc1 Ba4 27. b3
Be8 28. Rxe7 Qd6 29. Qc7 Qb4 30. g3 Qe1+ 31. Kg2 Qd2+ 32. Kh3 Qh6 33. Kg2 Qd2+
34. Kh3 Qh6 35. Kg2 Qd2+ 36. Be2 Bb5 37. Kf1 Qd1+ 38. Kf2 Qd4+ 39. Ke1 Qg1+ 40.
Kd2 Qxh2 41. Qc5 Bxe2 42. Nxe2 Nxg3 43. Qc4 a4 44. e5 axb3 45. Rb7 Nf1+ 46. Ke1
Ne3 47. Qe4 Qh1+ 48. Kd2 Ng2 49. Rxb3 Qe1+ 50. Kc2 Rc8+ 51. Nc3 Qf1 52. d6 Ne1+
53. Kb2 Nd3+ 0-1

[Event "McGill op"]
[Site "Montreal CAN"]
[Date "2016.05.01"]
[Round "4.15"]
[White "Durette, Francis"]
[Black "Marin, Sam"]
[Result "1/2-1/2"]
[WhiteElo "1929"]
[BlackElo "1885"]
[PlyCount "138"]
[EventDate "2016.04.28"]
[EventType "swiss"]
[EventRounds "5"]
[EventCountry "CAN"]

1. e4 e5 2. Nf3 Nc6 3. d4 exd4 4. Nxd4 Nf6 5. Nxc6 bxc6 6. e5 Qe7 7. Qe2 Nd5 8.
c4 Ba6 9. b3 g6 10. Bb2 Bg7 11. g3 O-O 12. Bg2 Rfe8 13. O-O Nb6 14. Re1 f6 15.
f4 d5 16. Nd2 Qc5+ 17. Qf2 Qxf2+ 18. Kxf2 fxe5 19. fxe5 Rad8 20. cxd5 cxd5 21.
Rac1 Bh6 22. Rcd1 d4 23. Bf3 Be3+ 24. Kg2 Rxe5 25. Ne4 Nd5 26. Bxd4 Bxd4 27.
Rxd4 Ne3+ 28. Rxe3 Rxd4 29. Nf6+ Kg7 30. Rxe5 Kxf6 31. Rc5 Rd2+ 32. Kg1 Rxa2
33. Rxc7 Ra1+ 34. Kf2 Bb5 35. Rxh7 Rb1 36. Rxa7 Rb2+ 37. Kg1 Rb1+ 38. Kg2 Rb2+
39. Kh3 Rxb3 40. Rb7 Bf1+ 41. Kg4 Rxb7 42. Bxb7 g5 43. Bf3 Bd3 44. Bd1 Bg6 45.
Ba4 Bf7 46. Bd7 Bg6 47. h4 gxh4 48. Kxh4 Kg7 49. Kg5 Bb1 50. Be6 Bc2 51. Bf5
Ba4 52. Bd3 Bd7 53. Bc4 Bc8 54. Be2 Bb7 55. Kf4 Bc8 56. Bg4 Bb7 57. Bf5 Ba6 58.
g4 Bb7 59. Bd7 Ba6 60. g5 Bb7 61. Kf5 Bh1 62. Ke5 Bf3 63. Bf5 Bh5 64. Ke6 Be8
65. Ke7 Ba4 66. Be4 Bd1 67. Ke6 Be2 68. Ke5 Ba6 69. Kd4 Bc8 1/2-1/2

[Event "McGill op"]
[Site "Montreal CAN"]
[Date "2016.05.01"]
[Round "4.16"]
[White "Trahan, Daniel"]
[Black "Struben, Jeroen"]
[Result "1/2-1/2"]
[WhiteElo "2012"]
[BlackElo "1856"]
[PlyCount "75"]
[EventDate "2016.04.28"]
[EventType "swiss"]
[EventRounds "5"]
[EventCountry "CAN"]

1. d4 Nf6 2. c4 c5 3. d5 b5 4. cxb5 a6 5. bxa6 g6 6. Nc3 Bg7 7. e4 O-O 8. Nf3
Qa5 9. Nd2 Bxa6 10. Bxa6 Qxa6 11. Qe2 e6 12. Qxa6 Nxa6 13. dxe6 fxe6 14. O-O d5
15. exd5 exd5 16. a3 Nb4 17. Rb1 Nd3 18. Nf3 Nxc1 19. Rfxc1 Rfe8 20. Kf1 Rab8
21. Nd2 Red8 22. Ne2 Rbc8 23. b3 Ng4 24. Nf3 d4 25. Rd1 Ne5 26. Nxe5 Bxe5 27.
b4 cxb4 28. axb4 Rb8 29. Nc1 Kf7 30. Nd3 Bf6 31. Nc5 Rb5 32. Nd3 Rdb8 33. Rb3
Ke6 34. Rdb1 Be7 35. Ke2 Bd6 36. g3 Kd5 37. f4 Re8+ 38. Kd2 1/2-1/2

[Event "McGill op"]
[Site "Montreal CAN"]
[Date "2016.05.01"]
[Round "4.17"]
[White "Ouellet, Maili-Jade"]
[Black "Bouchard, Jean-Marc"]
[Result "1-0"]
[WhiteElo "2016"]
[BlackElo "1885"]
[PlyCount "75"]
[EventDate "2016.04.28"]
[EventType "swiss"]
[EventRounds "5"]
[EventCountry "CAN"]

1. d4 e6 2. c4 d5 3. Nc3 f5 4. g3 Nf6 5. Bg2 c6 6. Nh3 Be7 7. O-O O-O 8. Qc2
Na6 9. a3 Nc7 10. Bf4 Nce8 11. Rfd1 Ne4 12. f3 Nxc3 13. Qxc3 Bf6 14. Nf2 g5 15.
Be5 Bd7 16. Bxf6 Qxf6 17. e4 Nc7 18. e5 Qg7 19. b3 Be8 20. Kh1 Bg6 21. Qd2 Qe7
22. Nh3 h6 23. Nf2 Rf7 24. f4 g4 25. Nd3 h5 26. a4 Rh7 27. a5 h4 28. Kg1 Na6
29. cxd5 cxd5 30. Rac1 Be8 31. Nc5 Bb5 32. Rc2 h3 33. Bf1 Bxf1 34. Rxf1 Nb8 35.
Rfc1 Nc6 36. a6 b6 37. Nxe6 Nxe5 38. dxe5 1-0

[Event "McGill op"]
[Site "Montreal CAN"]
[Date "2016.05.01"]
[Round "4.18"]
[White "Saha, Ananda"]
[Black "Jacquet, Stephane"]
[Result "1-0"]
[WhiteElo "1845"]
[BlackElo "1999"]
[PlyCount "57"]
[EventDate "2016.04.28"]
[EventType "swiss"]
[EventRounds "5"]
[EventCountry "CAN"]

1. d4 Nf6 2. c4 e6 3. Nc3 Bb4 4. Qc2 c5 5. dxc5 O-O 6. e3 Nc6 7. Nf3 Bxc5 8. a3
b6 9. Bd3 Bb7 10. b4 Be7 11. Bb2 Rc8 12. O-O d5 13. cxd5 exd5 14. Bf5 Ra8 15.
b5 Nb8 16. e4 g6 17. Bh3 Qc7 18. exd5 Rd8 19. Rac1 Nbd7 20. Bxd7 Qxd7 21. Ne5
Qd6 22. Nc6 Re8 23. Na4 Ng4 24. g3 Bf8 25. f4 Bh6 26. Nxb6 Rac8 27. Nxc8 Bxc8
28. Qc3 f6 29. Rfe1 1-0

[Event "McGill op"]
[Site "Montreal CAN"]
[Date "2016.05.01"]
[Round "5.1"]
[White "Yu, Zong Yang"]
[Black "Hirschberg, Valerian"]
[Result "1-0"]
[WhiteElo "2342"]
[BlackElo "2317"]
[PlyCount "49"]
[EventDate "2016.04.28"]
[EventType "swiss"]
[EventRounds "5"]
[EventCountry "CAN"]

1. Nf3 c5 2. c4 Nf6 3. Nc3 d5 4. cxd5 Nxd5 5. e4 Nb4 6. Bc4 Nd3+ 7. Ke2 Nf4+ 8.
Kf1 Ne6 9. b4 cxb4 10. Nd5 Nc6 11. Bb2 Nc5 12. Qc2 e6 13. d4 b3 14. axb3 Nd7
15. Ne3 Be7 16. d5 exd5 17. exd5 Nb4 18. Qe4 Nf6 19. Bxf6 gxf6 20. Rd1 O-O 21.
d6 Bxd6 22. Nh4 Qc7 23. Nhf5 Bf4 24. Ne7+ Kh8 25. N7d5 1-0

[Event "McGill op"]
[Site "Montreal CAN"]
[Date "2016.05.01"]
[Round "5.4"]
[White "Leveille, Francois"]
[Black "Masse, Hugues"]
[Result "1-0"]
[WhiteElo "2287"]
[BlackElo "2212"]
[PlyCount "63"]
[EventDate "2016.04.28"]
[EventType "swiss"]
[EventRounds "5"]
[EventCountry "CAN"]

1. e4 e6 2. d4 d5 3. Nd2 Be7 4. Ngf3 Nf6 5. Bd3 c5 6. c3 Nc6 7. O-O dxe4 8.
Nxe4 cxd4 9. cxd4 O-O 10. Nc3 Nb4 11. Bb1 b6 12. a3 Nbd5 13. Re1 Bb7 14. Qd3 g6
15. Bh6 Re8 16. Ne5 Nxc3 17. bxc3 Nd7 18. Nf3 Rc8 19. Bf4 Nf6 20. Ne5 Nd7 21.
Ng4 Nf6 22. Nh6+ Kg7 23. Qh3 Nh5 24. Ng4 Bg5 25. Be5+ f6 26. f4 Nxf4 27. Bxf4
Bxf4 28. Rf1 Bg5 29. Rxf6 Bxf6 30. Qh6+ Kh8 31. Bxg6 Be4 32. Qxh7# 1-0

[Event "McGill op"]
[Site "Montreal CAN"]
[Date "2016.05.01"]
[Round "5.7"]
[White "Zhu, Hong Rui"]
[Black "Soudre, Nicolas"]
[Result "1-0"]
[WhiteElo "2273"]
[BlackElo "2101"]
[PlyCount "101"]
[EventDate "2016.04.28"]
[EventType "swiss"]
[EventRounds "5"]
[EventCountry "CAN"]

1. e4 e5 2. Nf3 Nc6 3. Bb5 Nf6 4. O-O Bc5 5. c3 a6 6. Bxc6 dxc6 7. Nxe5 Nxe4 8.
Qe2 Qd5 9. d4 Be7 10. c4 Qe6 11. Qxe4 f6 12. Nc3 fxe5 13. Qxe5 Qxe5 14. dxe5
Bf5 15. Rd1 Bc5 16. Bg5 O-O 17. Na4 Ba7 18. Rac1 Bg4 19. Rd2 Rf5 20. Bh4 Rxe5
21. h3 Bf5 22. Bg3 Re7 23. c5 b5 24. cxb6 cxb6 25. Rxc6 Bd7 26. Nxb6 Bxc6 27.
Nxa8 h5 28. Rc2 Bd5 29. Rc7 Kf7 30. Bd6 Rxc7 31. Nxc7 Bxa2 32. Nxa6 Bc4 33. Bc5
Bxa6 34. Bxa7 Ke6 35. Kh2 Kf5 36. Kg3 Be2 37. b4 g6 38. Bc5 Bb5 39. Be3 Be2 40.
Bc1 Bb5 41. Kh4 Be2 42. f3 Kf6 43. Bg5+ Ke6 44. Bd8 Kf5 45. g4+ Kf4 46. gxh5
gxh5 47. Kxh5 Bxf3+ 48. Kh6 Bc6 49. h4 Kg4 50. Kg7 Be8 51. Kf8 1-0

[Event "McGill op"]
[Site "Montreal CAN"]
[Date "2016.05.01"]
[Round "5.8"]
[White "Huang, Qiuyu"]
[Black "Libersan, Thierry"]
[Result "1/2-1/2"]
[WhiteElo "1894"]
[BlackElo "2052"]
[PlyCount "112"]
[EventDate "2016.04.28"]
[EventType "swiss"]
[EventRounds "5"]
[EventCountry "CAN"]

1. e4 c5 2. Nf3 e6 3. d4 cxd4 4. Nxd4 a6 5. Bd3 b5 6. Be3 Bb7 7. O-O Nf6 8. Nd2
Nc6 9. Nxc6 Bxc6 10. f3 Qc7 11. Re1 Bd6 12. Nf1 Rc8 13. Qd2 O-O 14. Rac1 Qb8
15. Qf2 Be7 16. g3 Rfe8 17. c3 e5 18. c4 d6 19. b3 Bd7 20. Kg2 Qb7 21. g4 Be6
22. Re2 bxc4 23. bxc4 Rc6 24. Rb2 Qa8 25. Ng3 g6 26. Bh6 Rec8 27. Rbc2 Nd7 28.
Nf5 Bxf5 29. exf5 Nc5 30. Be4 Nxe4 31. fxe4 R6c7 32. Kf3 Kh8 33. Qe3 gxf5 34.
gxf5 Rg8 35. Rg1 Rcc8 36. Rcg2 Rxg2 37. Rxg2 Rg8 38. Qg1 Rxg2 39. Qxg2 Qg8 40.
Qxg8+ Kxg8 41. Ke3 Bd8 42. Kd3 Bb6 43. Kc3 f6 44. Kb3 Kf7 45. Ka4 Ke7 46. h4
Kf7 47. h5 Ke7 48. Kb4 Kf7 49. Kb3 Ke7 50. Ka4 Kf7 51. Bd2 Ke7 52. Ba5 Be3 53.
Kb3 Kd7 54. Ka4 Ke7 55. Ka3 Kd7 56. Kb3 Ke7 1/2-1/2

[Event "McGill op"]
[Site "Montreal CAN"]
[Date "2016.05.01"]
[Round "5.9"]
[White "Allard, Laurent"]
[Black "Fan, Run Kun"]
[Result "1-0"]
[WhiteElo "2012"]
[BlackElo "1864"]
[PlyCount "81"]
[EventDate "2016.04.28"]
[EventType "swiss"]
[EventRounds "5"]
[EventCountry "CAN"]

1. e4 Nf6 2. e5 Nd5 3. c4 Nb6 4. d4 d6 5. exd6 cxd6 6. Nc3 g6 7. Be3 Bg7 8. Nf3
Nc6 9. Be2 O-O 10. Rc1 Bg4 11. b3 e5 12. dxe5 dxe5 13. h3 Bf5 14. O-O Nd4 15.
Re1 Nxe2+ 16. Rxe2 Qxd1+ 17. Rxd1 Rfe8 18. Nb5 e4 19. Nfd4 Red8 20. Red2 Bxd4
21. Bxd4 Rd7 22. Bxb6 Rxd2 23. Rxd2 axb6 24. Nd6 Rd8 25. Nxe4 Rxd2 26. Nxd2 Kf8
27. f4 h6 28. Kf2 Ke7 29. Ke3 f6 30. h4 Bd7 31. g3 Bf5 32. Kd4 Bd7 33. Ne4 Bc6
34. b4 Bd7 35. Nc3 Kf7 36. Nd5 b5 37. cxb5 Bxb5 38. Kc5 Bd7 39. b5 Ke6 40. Ne3
Bc8 41. a4 1-0

[Event "McGill op"]
[Site "Montreal CAN"]
[Date "2016.05.01"]
[Round "5.11"]
[White "Gueorguiev, Valentin"]
[Black "Yao, Houji"]
[Result "1/2-1/2"]
[WhiteElo "1933"]
[BlackElo "1925"]
[PlyCount "143"]
[EventDate "2016.04.28"]
[EventType "swiss"]
[EventRounds "5"]
[EventCountry "CAN"]

1. d4 Nf6 2. g3 g6 3. Bg2 Bg7 4. e4 d5 5. e5 Ng8 6. Nc3 e6 7. Nge2 b6 8. O-O
Ba6 9. b4 c5 10. b5 Bb7 11. Be3 cxd4 12. Bxd4 Ne7 13. f4 h5 14. h3 Nf5 15. Bf2
Nd7 16. Nd4 Nh6 17. a4 Rc8 18. Qd2 Bf8 19. Nce2 Rc4 20. a5 Bb4 21. Qd1 Bxa5 22.
Nb3 a6 23. Nxa5 bxa5 24. Nd4 O-O 25. Re1 axb5 26. Nxb5 Nf5 27. Qd2 Ba6 28. Rxa5
Rxc2 29. Qb4 Rxf2 30. Rxa6 Qc8 31. Kxf2 Qxa6 32. Bf1 Rb8 33. Kg2 d4 34. Bd3
Ne3+ 35. Kh2 Nd5 36. Qxd4 Rxb5 37. Bxb5 Qxb5 38. g4 hxg4 39. hxg4 Qb4 40. Qxb4
Nxb4 41. Kg3 Kf8 42. Kh4 Ke7 43. Kg5 Nd5 44. Re4 Nc5 45. Rd4 Nd7 46. Ra4 Nc5
47. Rd4 Nb3 48. Rd1 Nc3 49. Rh1 Ne4+ 50. Kh6 Nd4 51. Ra1 Nc5 52. Kg7 Ne2 53.
Ra7+ Nd7 54. Ra4 Nc3 55. Rd4 g5 56. fxg5 Nxe5 57. Rb4 Nd5 58. Ra4 Nb6 59. Ra7+
Nbd7 60. Ra4 Ng6 61. Ra7 Ngf8 62. Rb7 e5 63. Kh6 Ng6 64. Kg7 Ngf8 65. Kh6 Ne6
66. g6 fxg6 67. Kxg6 e4 68. Kh6 Kd6 69. g5 Ndc5 70. Rb1 Ke5 71. g6 e3 72. Re1
1/2-1/2

[Event "McGill op"]
[Site "Montreal CAN"]
[Date "2016.05.01"]
[Round "5.13"]
[White "Struben, Jeroen"]
[Black "Ouellet, Maili-Jade"]
[Result "0-1"]
[WhiteElo "1856"]
[BlackElo "2016"]
[PlyCount "61"]
[EventDate "2016.04.28"]
[EventType "swiss"]
[EventRounds "5"]
[EventCountry "CAN"]

1. d4 d5 2. c4 e6 3. Nf3 Nf6 4. g3 Be7 5. Bg2 O-O 6. O-O b6 7. Bf4 Bb7 8. Nbd2
c5 9. Qc2 Nc6 10. dxc5 bxc5 11. Rfd1 Qb6 12. Qb3 Rac8 13. Rac1 Rfd8 14. cxd5
exd5 15. Bh3 Ra8 16. a3 Ne8 17. Qa2 Ba6 18. Bf1 h6 19. e4 Bxf1 20. Kxf1 Qa6+
21. Kg1 Nb4 22. Qb3 Nd3 23. exd5 Nxc1 24. Rxc1 Nf6 25. Ne5 Rxd5 26. Ne4 Rad8
27. Re1 Nxe4 28. Rxe4 Rd1+ 29. Kg2 Qf1+ 30. Kf3 Qh1+ 31. Ke2 0-1

[Event "McGill op"]
[Site "Montreal CAN"]
[Date "2016.05.01"]
[Round "5.14"]
[White "Li, Yi Lin"]
[Black "Durette, Francis"]
[Result "1-0"]
[WhiteElo "1844"]
[BlackElo "1929"]
[PlyCount "91"]
[EventDate "2016.04.28"]
[EventType "swiss"]
[EventRounds "5"]
[EventCountry "CAN"]

1. e4 e5 2. Nf3 Nc6 3. Bb5 a6 4. Ba4 Nf6 5. O-O d6 6. Re1 Bg4 7. c3 b5 8. Bc2
Be7 9. d3 O-O 10. Nbd2 Re8 11. h3 Bh5 12. Nf1 h6 13. Ng3 Bg6 14. Nh4 Qd7 15.
Nhf5 Rad8 16. d4 Na5 17. Qf3 Bf8 18. dxe5 dxe5 19. Nxh6+ gxh6 20. Qxf6 Bg7 21.
Qf3 Qc6 22. Qe2 Re6 23. a4 Nc4 24. axb5 axb5 25. Rd1 Rxd1+ 26. Bxd1 Rd6 27. Bc2
Rd8 28. Nf1 Nd6 29. Ng3 Nc4 30. Bd3 Qd6 31. Bxc4 bxc4 32. Qxc4 Qd1+ 33. Kh2 Qe1
34. Qe2 Rd1 35. Qxe1 Rxe1 36. Ra8+ Kh7 37. Be3 h5 38. Nf5 Bxf5 39. exf5 Rb1 40.
Rb8 e4 41. Rb4 Bxc3 42. bxc3 Rxb4 43. cxb4 c6 44. Kg3 Kg7 45. Kf4 Kf6 46. Kxe4
1-0

[Event "McGill op"]
[Site "Montreal CAN"]
[Date "2016.05.01"]
[Round "5.15"]
[White "Gauthier, Denis"]
[Black "Saha, Ananda"]
[Result "0-1"]
[WhiteElo "1849"]
[BlackElo "1845"]
[PlyCount "144"]
[EventDate "2016.04.28"]
[EventType "swiss"]
[EventRounds "5"]
[EventCountry "CAN"]

1. d4 d5 2. c4 e6 3. Nc3 Nf6 4. cxd5 exd5 5. Bg5 Be7 6. e3 O-O 7. Bd3 h6 8. Bh4
Nbd7 9. Nge2 b6 10. O-O Bb7 11. Rc1 c5 12. Bb1 Rc8 13. h3 c4 14. b3 Ba3 15. Rc2
a6 16. bxc4 Rxc4 17. Qd3 Qc7 18. Na4 Bd6 19. Rfc1 Qb8 20. Bxf6 Nxf6 21. Nxb6
Rb4 22. Nd7 Nxd7 23. Rc8 Rxb1 24. Rxb8 Rxc1+ 25. Nxc1 Rxb8 26. Nb3 Rc8 27. g3
Rc7 28. Kg2 Nf6 29. Na5 Bc8 30. Qb3 Bf5 31. Nb7 Be7 32. g4 Be4+ 33. f3 Rc2+ 34.
Kg3 Bg6 35. h4 Rc6 36. h5 Bc2 37. Qb2 Bd3 38. a4 g6 39. hxg6 Bxg6 40. Qb3 Kg7
41. Qb2 h5 42. g5 Ne8 43. f4 Kh7 44. Qb3 Be4 45. Nc5 Bxc5 46. dxc5 Rxc5 47. Qb6
Rc2 48. Qxa6 Ng7 49. f5 Rg2+ 50. Kf4 Rg4+ 51. Ke5 Rxg5 52. Qe2 Rxf5+ 53. Kd6
Bf3 54. Qf2 Rf6+ 55. Kc5 Ne6+ 56. Kb4 d4 57. exd4 Rf4 58. a5 Rxd4+ 59. Kc3 Rf4
60. a6 Ng5 61. Qb6 h4 62. Qc7 Ne6 63. Qd7 h3 64. Qd3+ Kg7 65. Qd2 Rg4 66. Qh2
Nf4 67. a7 Kh6 68. Qf2 Bg2 69. Qc5 h2 70. Qf8+ Kg5 71. Qg7+ Ng6 72. Qxf7 h1=Q
0-1

[Event "McGill op"]
[Site "Montreal CAN"]
[Date "2016.05.01"]
[Round "5.16"]
[White "Jacquet, Stephane"]
[Black "Trahan, Daniel"]
[Result "1/2-1/2"]
[WhiteElo "1999"]
[BlackElo "2012"]
[PlyCount "99"]
[EventDate "2016.04.28"]
[EventType "swiss"]
[EventRounds "5"]
[EventCountry "CAN"]

1. d4 Nf6 2. Nc3 d5 3. Bg5 Nbd7 4. Qd2 c6 5. f3 h6 6. Bh4 e5 7. e3 Be7 8. O-O-O
exd4 9. exd4 b5 10. Bd3 Nb6 11. Re1 Be6 12. Nh3 g5 13. Bg3 Qd7 14. Be5 O-O-O
15. Nf2 Rhg8 16. g4 Rde8 17. Kb1 Qd8 18. Ne2 Nfd7 19. Bg3 Nc4 20. Bxc4 bxc4 21.
h3 Qb6 22. f4 f5 23. Nc1 Ba3 24. c3 Bd6 25. Ka1 Qc7 26. Ne2 Rgf8 27. gxf5 Bxf5
28. Rhg1 gxf4 29. Bxf4 Rxe2 30. Qxe2 Bxf4 31. Rg7 Qd8 32. Ng4 Bg3 33. Rg1 Bxg4
34. Qxg4 Bd6 35. a3 Rf4 36. Qg6 Rf6 37. Qh7 Bf8 38. Rg8 Qe8 39. Qc2 Nb6 40. a4
Qf7 41. R1g7 Qxg7 42. Rxg7 Bxg7 43. a5 Nd7 44. a6 Bf8 45. b3 cxb3 46. Qxb3 Nb6
47. Qb1 Rf3 48. Qh7 Nd7 49. Qb1 Nb6 50. Qh7 1/2-1/2

[Event "McGill op U2000"]
[Site "Montreal CAN"]
[Date "2016.04.29"]
[Round "1.30"]
[White "Trottier, Luc"]
[Black "Lamoureux, Yvon"]
[Result "1/2-1/2"]
[WhiteElo "1489"]
[BlackElo "1723"]
[PlyCount "137"]
[EventDate "2016.04.29"]
[EventType "swiss"]
[EventRounds "5"]
[EventCountry "CAN"]

1. e4 c5 2. c3 d5 3. exd5 Qxd5 4. Nf3 Nc6 5. d4 Bg4 6. Be2 cxd4 7. cxd4 e6 8.
Nc3 Bb4 9. O-O Bxc3 10. bxc3 Nge7 11. c4 Qd7 12. Be3 O-O 13. Qd3 Nf5 14. d5
Bxf3 15. Bxf3 Ne5 16. Qe4 Nxf3+ 17. Qxf3 Nxe3 18. fxe3 exd5 19. cxd5 f5 20.
Rad1 Qd6 21. Qf4 Rad8 22. Qd4 b6 23. Rc1 Qxd5 24. Qa4 Qe4 25. Qb3+ Qd5 26. Qa4
g6 27. Rcd1 Qe6 28. Rfe1 Rxd1 29. Rxd1 Qxe3+ 30. Kf1 Re8 31. Qc4+ Qe6 32. Qd3
Qxa2 33. Kg1 Qe6 34. Kf1 b5 35. Qxb5 Rc8 36. Qb7 Qc4+ 37. Kg1 Qc5+ 38. Kf1 Qc7
39. Qd5+ Qf7 40. Qe5 Re8 41. Qb5 Qe7 42. Qd5+ Qe6 43. Qb5 Re7 44. Rd8+ Kf7 45.
Rd1 h5 46. Kf2 Qb6+ 47. Qxb6 axb6 48. Rd6 Re6 49. Rd7+ Ke8 50. Rd5 Ke7 51. Kf3
Rd6 52. Rb5 Kd7 53. Kf4 Kc6 54. Rb2 b5 55. Ke5 Rd5+ 56. Kf6 Rc5 57. Kxg6 f4 58.
h4 Rd5 59. Rb4 Rd2 60. Rxf4 Rxg2+ 61. Kxh5 Kc5 62. Rf8 b4 63. Rc8+ Kd4 64. Kh6
b3 65. Kh7 b2 66. Rb8 Rh2 67. Kg6 Kc3 68. h5 Rg2+ 69. Kf6 1/2-1/2